Apprendre les couleurs en Allemand - Statistiques

Statistiques générales
  • Ce quiz a été pris 36 fois
  • Le résultat moyen est 9 sur 14
Statistiques - réponses
Français Deutsch % Correct
Bleu Blau
93%
Rouge Rot
90%
Vert Grün
83%
Orange Orange
80%
Noir Schwarz
80%
Rose Rosa
73%
Blanc Weiß
73%
Jaune Gelb
67%
Brun Braun
63%
Gris Grau
57%
Couleur Farbe
53%
Bleu foncé Dunkelblau
30%
Bleu clair Hellblau
27%
Mauve Violett
7%
Aucun quiz correspondant
Distribution des résultats
% des personnes avec chaque résultat
Percentile par nombre de réponses
Votre historique - résultats
Vous n’avez pas pris ce quiz